| 000 | 01010cab a2200289 4500 | ||
|---|---|---|---|
| 001 | ABS53017 | ||
| 008 | 090401t1995 xxu||||| |||| 00| 0 eng d | ||
| 035 | _a(Sirsi) u1357 | ||
| 041 | _aeng | ||
| 100 | _aEllingham, I. | ||
| 245 | _aAuthorized property unit trusts and the Canadian experience | ||
| 260 | _c1995 | ||
| 350 | _a0 | ||
| 490 |
_aJournal of Property Finance _v6(1) 1995, 28-37(10) |
||
| 520 | _aExamines whether the additional risks associated with the structure and operation of authorised property unit trusts are acceptable. Contrasts this with the situation in Canada. | ||
| 650 | _aAUTHORISED PROPERTY UNIT TRUSTS | ||
| 650 | _aBARCLAYS UNICORN PROPERTY TRUST | ||
| 650 | _aCANADA | ||
| 650 | _aINVESTMENT MARKET | ||
| 650 | _aNORWICH PROPERTY TRUST | ||
| 650 | _aPROPERTY INVESTMENT | ||
| 650 | _aPROPERTY UNIT TRUSTS | ||
| 650 |
_aValuation _96273 |
||
| 690 | _aPROPERTY-COMMERCIAL PROPERTY-COMMERCIAL PROPERTY FINANCE AND INVESTMENT | ||
| 942 | _n0 | ||
| 948 | _c04/03/1997 | ||
| 999 |
_c745 _d745 |
||